Mỹ học đại cương
保存先:
| 第一著者: | |
|---|---|
| フォーマット: | 図書 |
| 出版事項: |
H.
Đại học quốc gia Hà Nội
2002
|
| 版: | Tái bản |
| 主題: | |
| タグ: |
タグ追加
タグなし, このレコードへの初めてのタグを付けませんか!
|
| Thư viện lưu trữ: | Trung tâm Học liệu Lê Vũ Hùng, Trường Đại học Đồng Tháp |
|---|
| LEADER | 00728pam a22002418a 4500 | ||
|---|---|---|---|
| 001 | 00024512 | ||
| 005 | 20171026081023.0 | ||
| 008 | 110720s2002 ||||||Viesd | ||
| 041 | 0 | # | |a Vie |
| 082 | 1 | 4 | |a 111 |b M600H |
| 100 | 0 | # | |a Đỗ Văn Khang |e Chủ biên |
| 245 | 0 | 0 | |a Mỹ học đại cương |c Đỗ Văn Khang |
| 250 | # | # | |a Tái bản |b có sửa chữa |
| 260 | # | # | |a H. |b Đại học quốc gia Hà Nội |c 2002 |
| 300 | # | # | |a 268 tr. |c 21 cm. |
| 650 | # | 4 | |a Mỹ học |
| 653 | # | # | |a Giáo trình |
| 852 | # | # | |b Kho mượn |j KM.0004298 |
| 852 | # | # | |j KM.0004298 |
| 910 | 0 | # | |d 20/07/2011 |
| 980 | # | # | |a Trung tâm Học liệu Lê Vũ Hùng, Trường Đại học Đồng Tháp |